000
00352 a2200169 4500
001
185948
020
_a
040
_c
Magnum
100
_a
Rey, Marcos
240
1
0
_a
O rapto do garoto de ouro
_l
por
245
1
0
_a
O rapto do garoto de ouro
300
_a
128
362
0
_a
1995
440
1
_a
Ática
697
_a
LITERATURA JUVENIL
942
_c
BK
999
_c
185948
_d
185948